| Поле | Название | Значение |
| |
Тип записи |
a |
| |
Библиографический уровень |
m |
| 001 |
Контрольный номер |
RU/ЭБС IPRbooks/4535 |
| 005 |
Дата корректировки |
20180118151536.6 |
| 010 |
Индекс ISBN |
__ |
| a |
ISBN |
978-5-8078-0226-2 |
| 100 |
Данные общей обработки |
__ |
| a |
Данные общей обработки |
20130101d2013 |||y0rusy0250 |
| 101 |
Язык документа |
0_ |
| a |
Язык текста |
rus |
| 102 |
Страна публикации |
__ |
| a |
Страна публикации |
RU |
| 200 |
Заглавие и сведения об ответственности |
0_ |
| a |
Заглавие |
Современное международное право цивилизованных народов. Том 1 |
| b |
Общее обозначение материала |
Электронный ресурс |
| e |
Сведения, относящиеся к заглавию |
учебник |
| f |
Первые сведения об ответственности |
Ф.Ф. Мартенс |
| 210 |
Выходные данные |
__ |
| a |
Место издания |
Москва |
| c |
Издательство |
Зерцало |
| d |
Дата издания |
2013 |
| 215 |
Физическое описание |
__ |
| a |
Объем |
428 c. |
| 300 |
Общие примечания |
__ |
| a |
Общие примечания |
Книга находится в базовой версии ЭБС IPRbooks. |
| 330 |
Аннотация |
__ |
| a |
Аннотация |
В очередном томе серии «Русское юридическое наследие» публикуется учебник по международному праву Федора Федоровича Мартенса (1845—1909). Его текст напечатан по пятому — последнему прижизненному — изданию, выходившему в 1904-1905 годах. В конце XIX – в первой половине ХХ веков данный учебник был одной из самых известных в мире книг по международному праву. Он воспринимался не только в качестве учебного пособия для подготовки юристов, но и как выражение мнений по различным международно-правовым вопросам авторитетнейшего русского правоведа. Правоведы — современники Ф. Ф. Мартенса считали, что он сформировал этим своим учебником основы науки международного права в России. Предназначается для студентов и преподавателей юридических вузов. |
| 610 |
Ключевые слова |
1_ |
| a |
Ключевые слова |
международное право |
| 610 |
Ключевые слова |
1_ |
| a |
Ключевые слова |
правоведение |
| 610 |
Ключевые слова |
1_ |
| a |
Ключевые слова |
международные отношения |
| 610 |
Ключевые слова |
1_ |
| a |
Ключевые слова |
учебник |
| 610 |
Ключевые слова |
1_ |
| a |
Ключевые слова |
учебное пособие |
| 675 |
Индекс УДК |
__ |
| a |
Индекс УДК |
341 |
| 686 |
Индексы других классификаций |
__ |
| a |
Классификационный индекс |
67.412 |
| 2 |
Код системы |
rubbk |
| 700 |
Автор |
_1 |
| b |
Имя |
Ф.Ф. |
| a |
Фамилия |
Мартенс |
| 4 |
Код отношения |
070 |
| 856 |
Электронный адрес документа |
4_ |
| u |
Универсальный указатель ресурса (URL) |
http://www.iprbookshop.ru/4535.html |
| z |
Публикуемое примечание |
Перейти к просмотру издания |